All Elimination Chamber Runner-Ups - Statistics

General Stats
  • This quiz has been taken 67 times
    54 since last reset
  • The average score is 17 of 24
Answer Stats
Hint Answer % Correct
Survivor Series 2002 Triple H
97%
Elimination Chamber 2010 (Raw) Triple H
97%
No Way Out 2009 (SD) Undertaker
92%
Elimination Chamber 2010 (SD) Undertaker
92%
December To Dismember 2006 Big Show
82%
New Years Revolution 2005 Randy Orton
82%
Elimination Chamber 2013 Randy Orton
82%
No Way Out 2009 (Raw) Rey Mysterio
82%
Elimination Chamber 2011 (SD) Rey Mysterio
82%
Summerslam 2003 Goldberg
76%
No Way Out 2008 (SD) Batista
74%
Elimination Chamber 2014 Daniel Bryan
74%
No Way Out 2008 (Raw) Jeff Hardy
74%
Elimination Chamber 2011 (Raw) CM Punk
71%
Elimination Chamber 2019 (Mens) Kofi Kingston
68%
Elimination Chamber 2012 (World) Santino Marella
66%
Elimination Chamber 2017 AJ Styles
63%
New Years Revolution 2006 Carlito
63%
Elimination Chamber 2012 (WWE) The Miz
63%
Elimination Chamber 2018 (Womens) Sasha Banks
61%
Elimination Chamber 2018 (Mens) Braun Strowman
55%
Elimination Chamber 2015 (IC) Sheamus
55%
Elimination Chamber 2015 (Tag) Prime Time Players
42%
Elimination Chamber 2019 (Womens) Fire & Desire
32%
No matching quizzes found
Score Distribution
Percent of People with Each Score
Percentile by Number Answered
Your Score History
You have not taken this quiz since the last reset